When They Were Young Quiz Stats

 Plays Quiz Updated Oct 24, 2013

Support Sporcle.
Go Orange.
Score 0/24 Timer 07:00
4 Plays Today
% Correct
Michael Jackson
89.8%
Tom Hanks
68.2%
Angelina Jolie
67.4%
Drew Barrymore
67.3%
Sarah Jessica Parker
63%
Cher
56.5%
Michael Jordan
55.7%
George Clooney
47.3%
Ron Howard
47%
Britney Spears
44%
Ashton Kutcher
42.8%
Eminem
39.5%
% Correct
Jennifer Lopez
38.3%
Anna Kournikova
32.8%
Julia Roberts
31.1%
Jason Bateman
30.1%
Jodie Foster
28.4%
Tom Cruise
24.2%
Leonardo DiCaprio
18.8%
Björk
17%
Kurt Cobain
16.9%
Justin Timberlake
15.3%
Courtney Love
13.5%
Keanu Reeves
12%

You're not logged in!

Compare scores with friends on all Sporcle quizzes.
OR
Log In
Forgot?

From the Vault

Indiana Jones is EVERYWHERE!

by Hejman

Movies 5m
We're definitely okay with the idea of Harrison Ford hiding around every corner.
Remove Ads.
Support Sporcle.
Get the best of Sporcle when you Go Orange. This ad-free experience offers more features, more stats, and more fun while also helping to support Sporcle. Thank you for becoming a member.

Show Comments

Extras

Top Quizzes Today


Score Distribution

Your Account Isn't Verified!

In order to create a playlist on Sporcle, you need to verify the email address you used during registration. Go to your Sporcle Settings to finish the process.

Report this User

Report this user for behavior that violates our Community Guidelines.

Details: